• 首页
  • 本馆介绍
  • 公告通知
  • 最新文献
  • 馆藏检索
  • 电子资源
  • 读者导购
  • 参考咨询
  • 我的图书馆
  • 登录
  • 详细信息显示
  • 放入我的书架
  • 预约/预借图书
  • 作者相关作品
  • 分类相关作品
  • 丛书相关作品
  • 出版社相关作品

书目信息

  • 表格格式
  • 工作单格式
  • 卡片格式
题名:
财富创造论
    
 
作者: 李宗发 著
分册:  
出版信息: 北京   经济管理出版社  2006
页数: 350页
开本: 26cm
丛书名:
单 册:
中图分类: F014.4
科图分类:
主题词: 国民财富 , 经济理论 , 国民财富--经济理论--研究
电子资源:
ISBN: 7-80207-752-4
000 00985nam0 2200289 450
000 00991nam0 2200289 450
000 00922nam0 2200265 450
000 00886nam0 2200253 45
005 20070518132840.04
010    @a7-80207-752-4@dCNY39.00
100    @a20070305d2006 em y0chiy0120 ea
101 0  @achi
102    @aCN@b110000
105    @ay z 000yy
200 1  @a财富创造论@Acai fu chuang zao lun@dTheory on Fortune Creation@e国民财富产生原理研究@f李宗发著@zeng
210    @a北京@c经济管理出版社@d2006
215    @a350页@d26cm
330    @a本书共8篇:财富总论、财富创造、财富实现、财富需求、财富分配、财富理论、财富经营、财富政策。
510 1  @aTheory on Fortune Creation@zeng
517 1  @a国民财富产生原理研究@Aguo min cai fu chang sheng yuan li yan jiu
606 0  @a国民财富
606 0  @a经济理论
606 0  @a国民财富@x经济理论@x研究
690    @aF014.4@v4
701  0 @a李宗发@Ali zong fa@4著
801  0 @aCN@bTAOJIN@c20070518
905    @a10447@dF014.4@e278
    
    财富创造论=Theory on Fortune Creation:国民财富产生原理研究/李宗发著.-北京:经济管理出版社,2006
    350页;26cm
    
    
    ISBN 7-80207-752-4:CNY39.00
    本书共8篇:财富总论、财富创造、财富实现、财富需求、财富分配、财富理论、财富经营、财富政策。
●
相关链接 在E读中查询图书 在五车中查询图书 在当当中查询图书 在豆瓣中查询图书


正题名:财富创造论     索取号:F014.4/278         预约/预借

序号 登录号 条形码 馆藏地/架位号 状态 备注
1 0521357   205213570   第一样本阅览室/ [索取号:F014.4/278] 在馆    
2 0521358   205213589   第一借阅区/ [索取号:F014.4/278] 在馆    
3 0521359   205213598   第一借阅区/ [索取号:F014.4/278] 在馆    
4 0521360   205213605   第一借阅区/ [索取号:F014.4/278] 在馆    
5 0521361   205213614   第一借阅区/ [索取号:F014.4/278] 在馆    
6 0521362   205213623   第一借阅区/ [索取号:F014.4/278] 在馆    
唐山师范学院图书馆 欢迎您!
大连网信软件有限公司© 版权所有